000 00410nam a22001697a 4500
003 MPLRDC
005 20220104113718.0
008 210129b ||||| |||| 00| 0 eng d
082 _a857.621 NK-30
100 _a倪匡
245 _a倪匡科幻小说选
_c
250 _a初版
260 _a
_b知识系统出版有限公司
_c1985
300 _b
650 _a科幻小说
942 _cBK
_o857.621 NK-30
999 _c1757
_d1747